|
|
|
|
| LEADER |
00000nam0a2200000 4500 |
| 001 |
301027 |
| 005 |
20231102001348.0 |
| 020 |
|
|
|a RU
|b 82-78592
|
| 035 |
|
|
|a (RuTPU)RU\TPU\book\326180
|
| 090 |
|
|
|a 301027
|
| 100 |
|
|
|a 20150722d1982 km y0rusy5003 ca
|
| 101 |
0 |
|
|a rus
|
| 102 |
|
|
|a RU
|
| 105 |
|
|
|a a z 000zy
|
| 200 |
1 |
|
|a СССР: национально-государственное устройство
|e конституционные основы
|f под ред. В. В. Евгеньева ; авт. предисл. А. П. Шитиков
|
| 210 |
|
|
|a Москва
|c Юридическая литература
|d 1982
|
| 215 |
|
|
|a 304 с.
|c ил.
|
| 300 |
|
|
|a Авт. указаны на обороте тит. л.
|
| 300 |
|
|
|a к 60-летию образования СССР
|
| 606 |
1 |
|
|a Национально-государственное устройство
|y СССР
|2 stltpush
|3 (RuTPU)RU\TPU\subj\45202
|9 64460
|
| 610 |
1 |
|
|a Советский Союз
|
| 610 |
1 |
|
|a Конституция СССР
|
| 610 |
1 |
|
|a образование
|
| 610 |
1 |
|
|a история
|
| 610 |
1 |
|
|a 20 век
|
| 610 |
1 |
|
|a административно-территориальное устройство
|
| 610 |
1 |
|
|a РСФСР
|
| 610 |
1 |
|
|a союзные республики
|
| 686 |
|
|
|a Х620.4
|2 rubbk
|
| 702 |
|
1 |
|a Евгеньев
|b В. В.
|4 340
|
| 702 |
|
1 |
|a Шитиков
|b А. П.
|4 080
|
| 801 |
|
0 |
|a RU
|b RuMRKP
|c 19950704
|g psbo
|
| 801 |
|
1 |
|a RU
|b 63413507
|c 20150722
|
| 801 |
|
2 |
|a RU
|b 63413507
|c 20180619
|g RCR
|
| 942 |
|
|
|c BK
|